| 000 | 00838cab a2200253 4500 | ||
|---|---|---|---|
| 001 | ABS51496 | ||
| 008 | 090401t1994 xxu||||| |||| 00| 0 eng d | ||
| 035 | _a(Sirsi) u30376 | ||
| 041 | _aeng | ||
| 110 |
_aE C Harris _91524 |
||
| 245 | _aNarrow margins | ||
| 260 | _c1994 | ||
| 350 | _a0 | ||
| 490 |
_aNew Civil Engineer _v(1104) 27 October 1994, 24-25(2) |
||
| 520 | _aPresents the latest EC Harris/"NCE" index of building costs, exploring the relationship between rising materials costs and tender prices. Ends by forecasting a 7% increase in prices over the next year. | ||
| 650 | _aBUILDING COST INDICES | ||
| 650 | _aLABOUR COSTS | ||
| 650 | _aMATERIALS COSTS | ||
| 650 | _aPLANT COSTS | ||
| 650 | _aBCIS ALL-IN TENDER PRICE INDEX | ||
| 690 | _aBUILT ENVIRONMENT-BUILDING COSTS | ||
| 942 | _n0 | ||
| 948 | _c04/03/1997 | ||
| 999 |
_c20471 _d20471 |
||